Ceny plynu rastú na ročné maximá
V druhej polovici roka 2024 ceny plynu prevažne rástli. Európa totiž stále nemá dostatočné rezervné dodávky plynu, o ktoré by sa mohla oprieť v prípade dlhšieho výpadku významnejšieho zdroja. Správy o (ne)pokračovaní tranzitu ruského plynu cez Ukrajinu budú preto hýbať jeho cenami až do poslednej ch...
Saved in:
| Main Author: | |
|---|---|
| Format: | Book Chapter |
| Language: | Slovak |
| Subjects: | |
| Tags: |
No Tags, Be the first to tag this record!
|
MARC
| LEADER | 00000naa a2200000 4500 | ||
|---|---|---|---|
| 001 | 0312153 | ||
| 005 | 20250912103459.3 | ||
| 041 | 0 | |a slo | |
| 044 | |a CZ | ||
| 245 | 1 | 0 | |a Ceny plynu rastú na ročné maximá |c Ján Pišta |
| 520 | |a V druhej polovici roka 2024 ceny plynu prevažne rástli. Európa totiž stále nemá dostatočné rezervné dodávky plynu, o ktoré by sa mohla oprieť v prípade dlhšieho výpadku významnejšieho zdroja. Správy o (ne)pokračovaní tranzitu ruského plynu cez Ukrajinu budú preto hýbať jeho cenami až do poslednej chvíle, kým nebude jasné, ako to nakoniec dopadne. | ||
| 610 | 2 | 0 | |a energetika |
| 610 | 2 | 0 | |a plyn zemný |
| 610 | 2 | 0 | |a energia tepelná |
| 610 | 2 | 0 | |a ceny |
| 610 | 2 | 0 | |a geopolitika |
| 610 | 2 | 0 | |a dodávky |
| 100 | 1 | |a Pišta, Ján | |